| 000 | 01030cam a22002054a 4500 | ||
|---|---|---|---|
| 005 | 20250605164051.0 | ||
| 008 | 250528s ||||||||||||||||||||||||d | ||
| 035 | _a17284 | ||
| 020 | _a745016065 | ||
| 040 |
_aGR-AtMCL _bgre _dGR-AtMCL _eAACR2 |
||
| 245 | 1 | _aEuropean Community Economics / Third Edition | |
| 250 | _a3rd | ||
| 260 |
_bHarvester Wheatsheaf, _c1994 |
||
| 300 | _a336 | ||
| 520 | _aRecent developments in the ratification of the Maastrict Traety and the Prospects for European Union. Tables, Figures, Abbreviations, Regional Economic Associations: Objectives and Policies and Effects, Structure of the European Community: Objectives and Policies and Constraints, The Single Market, The Community Budget, Tax Harmonization, Monetary Integration, Agriculture, Trade Policies, Regional Policy, Social Policy, Transport, Industrial Policy, Energy and the Environment, Europe 2000: Progress and Prospects, References, Index. | ||
| 700 | 1 |
_aHitiris Theo _921 |
|
| 942 | _cBK | ||
| 999 |
_c2712 _d2712 |
||